<?xml version="1.0" encoding="UTF-8"?>
<marc:record xmlns:marc="http://www.loc.gov/MARC21/slim">
   <marc:leader>00000nam a2200000 a 4500</marc:leader>
   <marc:datafield ind1="1" ind2=" " tag="100">
      <marc:subfield code="a">Wolf, Helga Maria</marc:subfield>
      <marc:subfield code="4">aut</marc:subfield>
      <marc:subfield code="e">Verfasser/-in</marc:subfield>
   </marc:datafield>
   <marc:datafield ind1="0" ind2="0" tag="245">
      <marc:subfield code="a">Österreichische Feste &amp; Bräuche</marc:subfield>
   </marc:datafield>
   <marc:datafield ind1="0" ind2="0" tag="245">
      <marc:subfield code="b">im Jahreskreis</marc:subfield>
   </marc:datafield>
   <marc:datafield ind1="0" ind2="0" tag="245">
      <marc:subfield code="c">Helga Maria Wolf</marc:subfield>
   </marc:datafield>
   <marc:datafield ind1=" " ind2="1" tag="264">
      <marc:subfield code="a">Wien</marc:subfield>
      <marc:subfield code="b">Donauland</marc:subfield>
      <marc:subfield code="c">2003</marc:subfield>
   </marc:datafield>
   <marc:datafield ind1="1" ind2=" " tag="520">
      <marc:subfield code="a">FESTE LEBEN, BRÄUCHE WERDEN GEBRAUCHT. Ob Glöcklerlauf oder Donauinselfest - sie sind Teil der österreichischen Kultur. Sie bringen Würze in den Alltag. Das "Schon immer" klingt an, Traditionen, auf die man sich verlassen kann, im Kreis von Menschen, denen man sich zugehörig fühlt. Nur scheinbar dazu im Gegensatz stehen die neuen, von Event-Erfindern inszenierten Feste. Feuerwerk und Neujahrskonzert, Perchten und Pummerin, Orakel und Glücksbringer eröffnen den Jahreskreis. Er schließt sich mit Friedenslicht, Stefaniritt und Silvesterpfad.</marc:subfield>
   </marc:datafield>
   <marc:datafield ind1=" " ind2=" " tag="300">
      <marc:subfield code="a">270 S. : Abb.</marc:subfield>
   </marc:datafield>
</marc:record>
